| 000 | 00728nam a2200205 a 4500 | ||
|---|---|---|---|
| 008 | 110905s1978 ||||||||||||||||| || u | ||
| 020 | _a0443013179 | ||
| 050 | _aQM 531 Las | ||
| 100 | _aLast, R. J. (Raymond Jack) | ||
| 245 | 1 | 0 | _aAnatomy: regional and applied.-- 6th ed. |
| 250 | _a6th ed. | ||
| 260 |
_aEdinburgh _bChurchill Livingstone _c1978 |
||
| 300 | _axxiv, 598p.: ill. | ||
| 350 | _a0.00 | ||
| 650 | 3 | _aANATOMY | |
| 650 | _aANATOMY--HUMAN | ||
| 650 | _aANATOMY--REGIONAL | ||
| 650 | _aANATOMY--SURGICAL--TOPOGRAPHICAL | ||
| 995 |
_aMEDICAL LIBRARY OPEN ACCESS _D0.00 _e901044 _FCBU-SCHOOL OF MEDICINE LIBRARY (Ndola) _H1 _I0.00 _jQM 531 Las _M1 _UAVAILABLE _WOct 6, 2011 _y901044 _ZMedical Library Open Access Collection |
||
| 999 |
_c30755 _d30755 |
||